[Event "Roquetas de Mar op 33rd"]
[Site "Roquetas de Mar"]
[Date "2022.01.08"]
[Round "7"]
[White "Di Berardino, Diego Rafael"]
[Black "Carrascoso Morales, Abel"]
[Result "1-0"]
[WhiteElo "2480"]
[BlackElo "2281"]
[PlyCount "101"]
[EventDate "2022.01.04"]
[EventType "swiss"]
[EventRounds "9"]
[EventCountry "ESP"]
[SourceTitle "EXT 2023"]
[Source "ChessBase"]
[SourceDate "2022.10.05"]
[SourceVersion "1"]
[SourceVersionDate "2022.10.05"]
[SourceQuality "1"]

1. c4 Nf6 2. Nc3 g6 3. g3 Bg7 4. Bg2 0-0 5. e4 d6 6. Nge2 e5 7. d3 Nc6 8. 0-0 Nh5 9. Be3 Nd4 10. Qd2 Bh3 11. f3 Bxg2 12. Kxg2 Nxe2 13. Nxe2 f5 14. g4 Nf6 15. gxf5 gxf5 16. exf5 Nh5 17. Ng3 Nxg3 18. hxg3 Rxf5 19. Qb4 Rf7 20. Qxb7 Rb8 21. Qe4 Rxb2+ 22. Rf2 Rxf2+ 23. Bxf2 a6 24. Rh1 h6 25. Rb1 Qd7 26. Rb7 h5 27. Ra7 h4 28. Qxh4 d5 29. Ra8+ Rf8 30. Rxf8+ Kxf8 31. cxd5 Qxd5 32. Qb4+ Kf7 33. Qc4 Qxc4 34. dxc4 Ke6 35. Be3 Bf8 36. Kf2 Bb4 37. Ke2 Bc3 38. Kd3 Be1 39. g4 Bg3 40. Ke4 c6 41. Bc1 Kf6 42. Ba3 Bf4 43. Bd6 Ke6 44. Bc7 Kf6 45. Bd8+ Kg6 46. g5 Bg3 47. Bf6 Bf4 48. a4 a5 49. Bd8 Bg3 50. Bxa5 Kxg5 51. Bb6 1-0

[Event "Canarias-chT Honor"]
[Site "Spain"]
[Date "2020.07.12"]
[Round "9.1"]
[White "Alonso Bouza, Julio Javier"]
[Black "Carrascoso Morales, Abel"]
[Result "1/2-1/2"]
[WhiteElo "2415"]
[BlackElo "2229"]
[PlyCount "145"]
[EventDate "2020.01.11"]
[EventType "team-tourn"]
[EventRounds "9"]
[EventCountry "ESP"]
[SourceTitle "EXT 2021"]
[Source "ChessBase"]
[SourceDate "2020.10.23"]
[SourceVersion "1"]
[SourceVersionDate "2020.10.23"]
[SourceQuality "1"]
[WhiteTeam "Fundacion La Caja de Canarias"]
[BlackTeam "Sanat Lucia Grandama"]
[WhiteTeamCountry "ESP"]
[BlackTeamCountry "ESP"]

1. e4 d6 2. d4 Nf6 3. Nc3 g6 4. Nf3 Bg7 5. Bc4 0-0 6. Qe2 c6 7. Bb3 Bg4 8. e5 dxe5 9. dxe5 Nd5 10. Bd2 Nd7 11. 0-0-0 Bxe5 12. Nxd5 cxd5 13. Bxd5 e6 14. Bb3 Qf6 15. c3 Rfc8 16. h3 Bxf3 17. gxf3 Nc5 18. Bc2 Rab8 19. h4 b5 20. Rde1 Bf4 21. Kb1 a5 22. h5 b4 23. Bxf4 Qxf4 24. hxg6 hxg6 25. c4 a4 26. b3 axb3 27. Bxb3 Qf6 28. Qe5 Qxe5 29. Rxe5 Kg7 30. Rd1 Kf6 31. f4 Ra8 32. Rd6 Ra3 33. Kc2 Nxb3 34. axb3 Ra2+ 35. Kd3 Rxf2 36. Ke3 Rb2 37. Rd3 Rh8 38. c5 Rh3+ 39. Kd4 Rxd3+ 40. Kxd3 Rxb3+ 41. Kc4 Rf3 42. c6 Rc3+ 43. Kb5 b3 44. Re4 Kf5 45. Rb4 g5 46. fxg5 Kxg5 47. Kb6 f5 48. c7 f4 49. Rb5+ Kg4 50. Rc5 Rxc5 51. Kxc5 b2 52. c8Q b1Q 53. Qg8+ Kf3 54. Qxe6 Qc2+ 55. Kd6 Qd3+ 56. Kc7 Qc3+ 57. Kd6 Qd4+ 58. Kc7 Qa7+ 59. Kc8 Kf2 60. Qd5 Qa6+ 61. Kb8 f3 62. Qd4+ Kf1 63. Qd1+ Kg2 64. Qd2+ f2 65. Qg5+ Kf3 66. Qf5+ Ke3 67. Qe5+ Kd3 68. Qd5+ Ke2 69. Qe4+ Kd2 70. Qd4+ Ke1 71. Qe3+ Qe2 72. Qc1+ Qd1 73. Qe3+ 1/2-1/2

[Event "Gibraltar Challengers op-A"]
[Site "Caleta"]
[Date "2020.01.21"]
[Round "2"]
[White "Lipecki, Alexander"]
[Black "Carrascoso Morales, Abel"]
[Result "0-1"]
[WhiteElo "2152"]
[BlackElo "2229"]
[PlyCount "102"]
[EventDate "2020.01.20"]
[EventType "swiss"]
[EventRounds "5"]
[EventCountry "GGB"]
[SourceTitle "CBM 194 Extra"]
[Source "ChessBase"]
[SourceDate "2020.03.31"]
[SourceVersion "1"]
[SourceVersionDate "2020.03.31"]
[SourceQuality "1"]

1. d4 Nf6 2. c4 g6 3. Nf3 Bg7 4. g3 0-0 5. Bg2 d6 6. 0-0 Nc6 7. Nc3 a6 8. e3 Bf5 9. b3 Rb8 10. a4 Nb4 11. Ne1 c5 12. Ba3 Qa5 13. Na2 Nc6 14. Bb2 cxd4 15. exd4 d5 16. b4 Qd8 17. c5 Re8 18. b5 Na5 19. Bc3 Ne4 20. Rc1 Nxc3 21. Nxc3 axb5 22. axb5 e5 23. Nxd5 e4 24. Ne3 Qxd4 25. Qe2 Nb3 26. Rd1 Qxc5 27. Rd5 Nd4 28. Qd1 Qc3 29. N1c2 Nxc2 30. Qxc2 Qxc2 31. Nxc2 Be6 32. Rc5 b6 33. Rc7 Be5 34. Ra7 Bc4 35. Re1 Bxb5 36. Bxe4 Bc3 37. Rb1 Bc4 38. Bf3 b5 39. Ne3 Bd4 40. Rc7 Bxe3 41. fxe3 Rxe3 42. Kf2 Ree8 43. Bg4 Ra8 44. Rb2 h5 45. Bf3 Ra3 46. Bc6 Re5 47. Rb7 Rf5+ 48. Kg2 Bf1+ 49. Kg1 Ra1 50. Rb8+ Kg7 51. Ra8 Rc1 0-1

[Event "Gibraltar Challengers op-A"]
[Site "Caleta"]
[Date "2020.01.20"]
[Round "1"]
[White "Carrascoso Morales, Abel"]
[Black "Rakotomaharo, Yves Andre"]
[Result "1-0"]
[WhiteElo "2229"]
[BlackElo "2020"]
[PlyCount "69"]
[EventDate "2020.01.20"]
[EventType "swiss"]
[EventRounds "5"]
[EventCountry "GGB"]
[SourceTitle "CBM 194 Extra"]
[Source "ChessBase"]
[SourceDate "2020.03.31"]
[SourceVersion "1"]
[SourceVersionDate "2020.03.31"]
[SourceQuality "1"]

1. e4 c5 2. Nf3 Nc6 3. Bb5 g6 4. Bxc6 dxc6 5. h3 Bg7 6. 0-0 e5 7. d3 Qd6 8. b4 cxb4 9. a3 Ne7 10. axb4 0-0 11. Nbd2 Qc7 12. Bb2 Rd8 13. Qe2 h6 14. Nc4 f6 15. d4 exd4 16. Bxd4 Be6 17. Bxa7 Nc8 18. Bd4 b5 19. Ncd2 Nb6 20. Qe3 Na4 21. Rac1 Qf7 22. Nb3 Bf8 23. Qf4 Kg7 24. Ne5 Qc7 25. Nxg6 Qxf4 26. Nxf4 Bc4 27. Rfd1 Bxb4 28. Nh5+ Kg6 29. g4 Be7 30. Kg2 Kf7 31. f3 b4 32. Be3 Rxd1 33. Rxd1 Nc3 34. Rd7 Bxb3 35. Bc5 1-0

[Event "La Roda op 46th"]
[Site "La Roda"]
[Date "2019.04.19"]
[Round "4"]
[White "Carrascoso Morales, Abel"]
[Black "Merario Alarcon, Andres"]
[Result "0-1"]
[WhiteElo "2204"]
[BlackElo "2399"]
[PlyCount "58"]
[EventDate "2019.04.17"]
[EventType "swiss"]
[EventRounds "9"]
[EventCountry "ESP"]
[SourceTitle "CBM 189 Extra"]
[Source "ChessBase"]
[SourceDate "2019.06.03"]
[SourceVersion "1"]
[SourceVersionDate "2019.06.03"]
[SourceQuality "1"]

1. d4 d5 2. c4 e6 3. Nc3 a6 4. cxd5 exd5 5. Nf3 Nf6 6. Bg5 Be6 7. e3 Bd6 8. Bd3 0-0 9. Qc2 h6 10. h4 Nbd7 11. Bf5 Qe7 12. Bxe6 Qxe6 13. Bxf6 Nxf6 14. 0-0-0 Rfc8 15. Kb1 c5 16. dxc5 Rxc5 17. Nd4 Qe8 18. Nb3 Rc6 19. Qf5 Rxc3 20. bxc3 Ne4 21. Rc1 Be5 22. Rhd1 g6 23. Qf3 Qb5 24. c4 dxc4 25. Qxe4 cxb3 26. Rd4 bxa2+ 27. Kxa2 Bxd4 28. Qxd4 Qa5+ 29. Kb3 Rd8 0-1

[Event "EU-ch Amateur U2300"]
[Site "Niksic"]
[Date "2018.06.20"]
[Round "8"]
[White "Carrascoso Morales, Abel"]
[Black "Zhukov, Anton"]
[Result "1-0"]
[WhiteElo "2214"]
[BlackElo "2011"]
[PlyCount "63"]
[EventDate "2018.06.14"]
[EventType "swiss"]
[EventRounds "9"]
[EventCountry "MNE"]
[SourceTitle "CBM 185 Extra"]
[Source "ChessBase"]
[SourceDate "2018.07.29"]
[SourceVersion "1"]
[SourceVersionDate "2018.07.29"]
[SourceQuality "1"]

1. e4 c6 2. d4 d5 3. Nc3 dxe4 4. Nxe4 Bf5 5. Ng3 Bg6 6. h4 h6 7. Nf3 Nd7 8. h5 Bh7 9. Bd3 Bxd3 10. Qxd3 e6 11. Bd2 Ngf6 12. 0-0-0 Be7 13. Rhe1 0-0 14. Qe2 c5 15. dxc5 Qc7 16. Kb1 Bxc5 17. Bc3 Qf4 18. Ne5 Rad8 19. Nxd7 Nxd7 20. Ne4 Be7 21. g3 Qf5 22. g4 Qf4 23. Bd2 Qc7 24. g5 hxg5 25. h6 g6 26. h7+ Kxh7 27. f4 gxf4 28. Qh2+ Kg7 29. Bxf4 Qa5 30. Qh6+ Kg8 31. Rh1 Bf6 32. Qh7# 1-0

[Event "Gibraltar Challenger op-B"]
[Site "Caleta"]
[Date "2017.02.01"]
[Round "5"]
[White "Carrascoso Morales, Abel"]
[Black "Truran, Michael C"]
[Result "1-0"]
[WhiteElo "2200"]
[BlackElo "2183"]
[PlyCount "57"]
[EventDate "2017.01.28"]
[EventType "swiss"]
[EventRounds "5"]
[EventCountry "GGB"]
[SourceTitle "EXT 2018"]
[Source "ChessBase"]
[SourceDate "2017.10.13"]
[SourceVersion "1"]
[SourceVersionDate "2017.10.13"]
[SourceQuality "1"]

1. d4 Nf6 2. c4 c5 3. d5 e5 4. Nc3 d6 5. e4 Be7 6. Nge2 Na6 7. Ng3 Nc7 8. Bd3 a6 9. Nf5 Bxf5 10. exf5 Rb8 11. a4 Nd7 12. Qg4 Kf8 13. h4 b6 14. Rh3 Nf6 15. Qf3 Nfe8 16. g4 Bxh4 17. Ne4 Be7 18. g5 f6 19. g6 h6 20. Qh1 Qd7 21. Bxh6 gxh6 22. Rxh6 Rg8 23. Rh7 Ng7 24. Rh8 Nh5 25. Qxh5 Bd8 26. Rh7 Rg7 27. Qh6 Ne8 28. Rh8+ Ke7 29. Rxe8+ 1-0

[Event "Gibraltar Challenger op-B"]
[Site "Caleta"]
[Date "2017.01.29"]
[Round "2"]
[White "Kozarcanin, Sead"]
[Black "Carrascoso Morales, Abel"]
[Result "0-1"]
[WhiteElo "2069"]
[BlackElo "2200"]
[PlyCount "137"]
[EventDate "2017.01.28"]
[EventType "swiss"]
[EventRounds "5"]
[EventCountry "GGB"]
[SourceTitle "EXT 2018"]
[Source "ChessBase"]
[SourceDate "2017.10.13"]
[SourceVersion "1"]
[SourceVersionDate "2017.10.13"]
[SourceQuality "1"]

1. b3 e5 2. Bb2 Nc6 3. e3 Nf6 4. Bb5 Bd6 5. Ne2 a6 6. Bxc6 dxc6 7. c4 c5 8. Nbc3 Bd7 9. Qc2 h5 10. Ng3 Bc6 11. f3 h4 12. Nge4 Be7 13. 0-0-0 Qd7 14. Nxf6+ gxf6 15. e4 0-0-0 16. Kb1 Kb8 17. Nd5 Bxd5 18. cxd5 c6 19. dxc6 Qxc6 20. Qc4 Qe6 21. g4 hxg3 22. hxg3 Rxh1 23. Rxh1 Rxd2 24. Qxe6 fxe6 25. Rh7 Bd8 26. g4 Kc8 27. Rh3 Rg2 28. Bc1 b5 29. Rh6 Rg3 30. g5 Rxf3 31. g6 Rg3 32. Bd2 b4 33. Kc2 f5 34. g7 Rxg7 35. Rxe6 fxe4 36. Rxe5 Rg2 37. Rxc5+ Kb7 38. Kd1 e3 39. Bxe3 Rxa2 40. Rd5 Bf6 41. Rd6 Bc3 42. Bc1 a5 43. Rh6 Rg2 44. Rh5 Kb6 45. Be3+ Ka6 46. Rh6+ Kb7 47. Rb6+ Kc7 48. Ra6 Ra2 49. Bc1 Kb7 50. Rh6 a4 51. bxa4 b3 52. Rh3 b2 53. Bxb2 Bxb2 54. Kc2 Be5+ 55. Kb3 Rb2+ 56. Kc4 Kc6 57. Rh5 Bd6 58. Rb5 Rf2 59. Ra5 Rf4+ 60. Kb3 Bc5 61. Ra6+ Kd5 62. a5 Rf3+ 63. Kb2 Kc4 64. Re6 Rf2+ 65. Kb1 Kb3 66. Re1 Bb4 67. Rh1 Bc3 68. Kc1 Ra2 69. Kd1 0-1

[Event "Gibraltar Challenger op-B"]
[Site "Caleta"]
[Date "2017.01.28"]
[Round "1"]
[White "Carrascoso Morales, Abel"]
[Black "Pleasants, Allan J"]
[Result "1-0"]
[WhiteElo "2200"]
[BlackElo "2018"]
[PlyCount "115"]
[EventDate "2017.01.28"]
[EventType "swiss"]
[EventRounds "5"]
[EventCountry "GGB"]
[SourceTitle "EXT 2018"]
[Source "ChessBase"]
[SourceDate "2017.10.13"]
[SourceVersion "1"]
[SourceVersionDate "2017.10.13"]
[SourceQuality "1"]

1. d4 Nf6 2. c4 c5 3. d5 b5 4. cxb5 a6 5. f3 g6 6. e4 d6 7. Na3 Bg7 8. Ne2 0-0 9. Nc3 Nbd7 10. Be2 Nb6 11. 0-0 Ne8 12. Be3 Nc7 13. Qc2 Bd7 14. bxa6 Nxa6 15. Qd2 Nb4 16. Nc4 Bd4 17. Rfc1 Nxc4 18. Bxc4 Bg7 19. Kh1 Qa5 20. a3 Na6 21. Rab1 Rab8 22. Bh6 Nc7 23. Bxg7 Kxg7 24. e5 Bf5 25. Ra1 Rb6 26. Qe2 Rfb8 27. b3 Ne8 28. e6 g5 29. g4 Bg6 30. exf7 Kxf7 31. h4 gxh4 32. f4 Kf8 33. f5 Bf7 34. Qc2 Nf6 35. g5 Ng4 36. g6 hxg6 37. fxg6 Bg8 38. g7+ Kf7 39. Rg1 Ne5 40. Raf1+ Ke8 41. Rf8+ Kd7 42. Qf5+ Kc7 43. Ne4 Qa8 44. Qg5 Kd7 45. Nxc5+ dxc5 46. Qxe5 Rxf8 47. gxf8Q Qxf8 48. Qe4 Rf6 49. d6 Bxc4 50. dxe7 Qxe7 51. Qxc4 Qd6 52. Rg7+ Ke8 53. Rg8+ Rf8 54. Qe4+ Kd7 55. Rg7+ Kc8 56. Qa8+ Qb8 57. Qc6+ Kd8 58. Qd7# 1-0

[Event "Seville op 42nd"]
[Site "Seville"]
[Date "2017.01.21"]
[Round "9"]
[White "Burmakin, Vladimir"]
[Black "Carrascoso Morales, Abel"]
[Result "1/2-1/2"]
[WhiteElo "2526"]
[BlackElo "2200"]
[PlyCount "26"]
[EventDate "2017.01.13"]
[EventType "swiss"]
[EventRounds "9"]
[EventCountry "ESP"]
[SourceTitle "EXT 2019"]
[Source "ChessBase"]
[SourceDate "2018.10.10"]
[SourceVersion "1"]
[SourceVersionDate "2018.10.10"]
[SourceQuality "1"]

1. Nf3 Nf6 2. d4 g6 3. Bf4 Bg7 4. e3 0-0 5. Be2 c5 6. c3 cxd4 7. exd4 d6 8. 0-0 Nc6 9. h3 Bf5 10. Bh2 Rc8 11. Nbd2 Re8 12. Nc4 Qc7 13. Ne3 Bd7 1/2-1/2

[Event "Seville op 42nd"]
[Site "Seville"]
[Date "2017.01.19"]
[Round "7"]
[White "Estremera Panos, Sergio"]
[Black "Carrascoso Morales, Abel"]
[Result "1-0"]
[WhiteElo "2375"]
[BlackElo "2200"]
[PlyCount "93"]
[EventDate "2017.01.13"]
[EventType "swiss"]
[EventRounds "9"]
[EventCountry "ESP"]
[SourceTitle "EXT 2019"]
[Source "ChessBase"]
[SourceDate "2018.10.10"]
[SourceVersion "1"]
[SourceVersionDate "2018.10.10"]
[SourceQuality "1"]

1. d4 Nf6 2. c4 g6 3. Nc3 Bg7 4. e4 d6 5. Nf3 0-0 6. Be2 e5 7. d5 a5 8. Bg5 h6 9. Be3 Ng4 10. Bd2 f5 11. exf5 gxf5 12. h3 Nxf2 13. Kxf2 e4 14. Ne1 Bd4+ 15. Be3 Qh4+ 16. g3 Bxe3+ 17. Kxe3 f4+ 18. Kd2 fxg3 19. Ng2 Qf6 20. Rf1 Qg5+ 21. Ne3 Bxh3 22. Rxf8+ Kxf8 23. Bg4 Bxg4 24. Qxg4 Qxg4 25. Nxg4 h5 26. Ne3 Nd7 27. Nxe4 h4 28. Rh1 Ne5 29. Ng5 Kg7 30. Ke2 Kg6 31. Ne4 Rh8 32. Nxg3 h3 33. Ngf1 Kg5 34. Rg1+ Kf4 35. Nh2 Rh7 36. b3 Ke4 37. Neg4 Nd7 38. Nf2+ Kd4 39. Rg3 Ne5 40. Nxh3 Nxc4 41. bxc4 Kxc4 42. Ng4 Re7+ 43. Ne3+ Kc3 44. Nf2 Kb2 45. Kd2 Kxa2 46. Nc2 Rh7 47. Ra3+ 1-0

[Event "Seville op 42nd"]
[Site "Seville"]
[Date "2017.01.17"]
[Round "5"]
[White "Ulybin, Mikhail"]
[Black "Carrascoso Morales, Abel"]
[Result "1-0"]
[WhiteElo "2483"]
[BlackElo "2200"]
[PlyCount "85"]
[EventDate "2017.01.13"]
[EventType "swiss"]
[EventRounds "9"]
[EventCountry "ESP"]
[SourceTitle "EXT 2019"]
[Source "ChessBase"]
[SourceDate "2018.10.10"]
[SourceVersion "1"]
[SourceVersionDate "2018.10.10"]
[SourceQuality "1"]

1. d4 Nf6 2. c4 g6 3. Nc3 Bg7 4. e4 d6 5. Be2 0-0 6. Nf3 e5 7. 0-0 Nc6 8. d5 Ne7 9. Nd2 a5 10. a3 Bd7 11. b3 c6 12. Bb2 c5 13. Nb5 Bxb5 14. cxb5 Nd7 15. Bc3 Nb6 16. b4 cxb4 17. axb4 a4 18. Nb1 Bh6 19. Na3 f5 20. f3 Be3+ 21. Kh1 Rc8 22. Bb2 Qc7 23. Qd3 f4 24. Qd1 g5 25. Bd3 Ng6 26. Qe2 Rf6 27. Nc2 Nc4 28. Nxe3 Nxe3 29. Rfc1 Qd8 30. Rxa4 Nh4 31. g3 fxg3 32. Qxe3 Rxc1+ 33. Bxc1 Nxf3 34. Be2 g2+ 35. Kxg2 Nh4+ 36. Kh1 Qf8 37. Qxg5+ Ng6 38. Ra8 Qxa8 39. Qxf6 Qa1 40. Qd8+ Nf8 41. Qc8 Qd4 42. Qf5 Ng6 43. Bh6 1-0

[Event "Almansa U2300 op 10th"]
[Site "Almansa"]
[Date "2015.08.09"]
[Round "1.5"]
[White "Perez Pacheco, Ricardo"]
[Black "Carrascoso Morales, Abel"]
[Result "1/2-1/2"]
[WhiteElo "2033"]
[BlackElo "2234"]
[PlyCount "117"]
[EventDate "2015.08.09"]
[EventType "swiss"]
[EventRounds "9"]
[EventCountry "ESP"]
[SourceTitle "EXT 2024"]
[Source "ChessBase"]
[SourceDate "2023.10.10"]
[SourceVersion "1"]
[SourceVersionDate "2023.10.10"]
[SourceQuality "1"]

1. Nc3 g6 2. Nf3 Bg7 3. e4 c5 4. d4 cxd4 5. Nxd4 d6 6. Be3 Nf6 7. Qd2 Nc6 8. f3 0-0 9. g4 Be6 10. Nxe6 fxe6 11. 0-0-0 Ne5 12. Be2 Rc8 13. Nb5 Nc4 14. Bxc4 Rxc4 15. Nd4 Qd7 16. Kb1 Rfc8 17. Rc1 e5 18. Ne2 Qb5 19. h4 d5 20. g5 d4 21. gxf6 dxe3 22. Qxe3 exf6 23. h5 Qc5 24. Qxc5 R4xc5 25. hxg6 hxg6 26. Nc3 Kf7 27. Rcd1 R8c7 28. Nd5 Rd7 29. c3 f5 30. b3 b5 31. Kc2 Rc8 32. Rh2 f4 33. Kd3 g5 34. Rg1 Kg6 35. Rhg2 Bf6 36. Kc2 Rxd5 37. exd5 e4 38. fxe4 f3 39. Rf2 Bd4 40. Rxg5+ Kxg5 41. Rxf3 Kg4 42. Rd3 Be5 43. d6 Kf4 44. d7 Rd8 45. c4 Kxe4 46. c5 Bc7 47. b4 Ke5 48. a4 a6 49. Kc3 Ke6 50. c6 Rg8 51. axb5 axb5 52. Re3+ Kf7 53. Re8 Rxe8 54. dxe8Q+ Kxe8 55. Kd4 Bb6+ 56. Kd5 Kd8 57. Kd6 Kc8 58. c7 Kb7 59. c8Q+ 1/2-1/2

[Event "Mislata op-A 48th"]
[Site "Mislata"]
[Date "2014.08.16"]
[Round "8"]
[White "Pena Riasco, Alexander"]
[Black "Carrascoso Morales, Abel"]
[Result "1-0"]
[WhiteElo "2242"]
[BlackElo "2342"]
[PlyCount "107"]
[EventDate "2014.08.11"]
[EventType "swiss"]
[EventRounds "9"]
[EventCountry "ESP"]
[SourceTitle "CBM 161 Extra"]
[Source "ChessBase"]
[SourceDate "2014.08.29"]
[SourceVersion "1"]
[SourceVersionDate "2014.08.29"]
[SourceQuality "1"]

1. e4 c5 2. Nf3 d6 3. d4 cxd4 4. Nxd4 Nf6 5. Nc3 g6 6. Be3 Bg7 7. f3 Nc6 8. Qd2 0-0 9. Bc4 Nd7 10. 0-0-0 Nb6 11. Bb3 Na5 12. Qe2 Bd7 13. Kb1 Rc8 14. h4 Nbc4 15. Bc1 e5 16. Ndb5 Qb6 17. a4 Be6 18. Bxc4 Nxc4 19. Nd5 Bxd5 20. Rxd5 a6 21. a5 Qd8 22. Nxd6 Nxd6 23. Rhd1 Rc6 24. Qd3 Qxh4 25. Rxd6 Rxd6 26. Qxd6 Qg3 27. Qd2 Qh2 28. Qf2 Bf6 29. Qb6 Kg7 30. Qxb7 Qxg2 31. Qxa6 h5 32. Qf1 Qxf1 33. Rxf1 Ra8 34. b4 Be7 35. c3 f5 36. exf5 gxf5 37. Be3 f4 38. Bb6 Kf6 39. Kc2 h4 40. Kd3 Kf5 41. b5 h3 42. a6 e4+ 43. fxe4+ Kg4 44. a7 h2 45. Bd4 Rd8 46. Kc2 Kh3 47. b6 Bh4 48. b7 Kg2 49. Rb1 f3 50. b8Q f2 51. Qxd8 Bxd8 52. a8Q f1Q 53. Rxf1 Kxf1 54. e5 1-0

[Event "Mislata op-A 48th"]
[Site "Mislata"]
[Date "2014.08.11"]
[Round "1"]
[White "Aymerich Rosell, Pablo"]
[Black "Carrascoso Morales, Abel"]
[Result "0-1"]
[WhiteElo "2125"]
[BlackElo "2342"]
[PlyCount "86"]
[EventDate "2014.08.11"]
[EventType "swiss"]
[EventRounds "9"]
[EventCountry "ESP"]
[SourceTitle "CBM 161 Extra"]
[Source "ChessBase"]
[SourceDate "2014.08.29"]
[SourceVersion "1"]
[SourceVersionDate "2014.08.29"]
[SourceQuality "1"]

1. d4 Nf6 2. c4 g6 3. Nc3 Bg7 4. e4 d6 5. f3 0-0 6. Be3 b6 7. Nge2 c5 8. Qd2 e6 9. Rd1 Nc6 10. d5 exd5 11. cxd5 Ne5 12. Ng3 h5 13. Be2 h4 14. Nf1 h3 15. g4 Ba6 16. Ng3 Nc4 17. Bxc4 Bxc4 18. Bh6 Nd7 19. Bxg7 Kxg7 20. f4 Nf6 21. g5 Nh7 22. b3 Ba6 23. Nce2 Qe7 24. 0-0 Rae8 25. Rf2 Kg8 26. b4 f6 27. bxc5 bxc5 28. gxf6 Nxf6 29. Nc3 Ng4 30. Rf3 Qf6 31. f5 Ne5 32. Rf2 Re7 33. Nce2 g5 34. Nh5 Qh6 35. f6 Ref7 36. Rf5 Nf3+ 37. Rxf3 Qxh5 38. Rf5 Rxf6 39. Ng3 Rxf5 40. exf5 Qg4 41. Re1 Rxf5 42. Qa5 Qd4+ 43. Kh1 Qxd5+ 0-1

[Event "Quart de Poblet op 2nd"]
[Site "Quart de Poblet"]
[Date "2014.07.20"]
[Round "3"]
[White "Plaza Agudo, Juan Francisco"]
[Black "Carrascoso Morales, Abel"]
[Result "1-0"]
[WhiteElo "2064"]
[BlackElo "2348"]
[PlyCount "121"]
[EventDate "2014.07.19"]
[EventType "swiss"]
[EventRounds "7"]
[EventCountry "ESP"]
[SourceTitle "CBM 161 Extra"]
[Source "ChessBase"]
[SourceDate "2014.08.29"]
[SourceVersion "1"]
[SourceVersionDate "2014.08.29"]
[SourceQuality "1"]

1. b3 c5 2. Bb2 Nc6 3. Nf3 Nf6 4. e3 e6 5. a3 Be7 6. Be2 0-0 7. 0-0 d5 8. d4 Ne4 9. Nbd2 f5 10. Ne5 Nxe5 11. dxe5 Bd7 12. f3 Nxd2 13. Qxd2 Bc6 14. f4 Qc7 15. Bf3 Rad8 16. Kh1 Rf7 17. Rfd1 g5 18. Qf2 g4 19. Be2 b5 20. Bc3 a5 21. b4 axb4 22. axb4 d4 23. Bb2 c4 24. Bxd4 Bxb4 25. c3 Bf8 26. Ra7 Qxa7 27. Bxa7 Rxd1+ 28. Bxd1 Rxa7 29. Qb2 Bc5 30. e4 Rd7 31. Qe2 Bxe4 32. Qe1 Be3 33. h3 Bd2 34. Qh4 Bxf4 35. Bxg4 Bxe5 36. Qg5+ Bg7 37. Bh5 Kh8 38. Qg3 Rd8 39. Qc7 Ra8 40. Bf7 Bxc3 41. Bxe6 Bg7 42. Bc8 Bf6 43. Kg1 c3 44. Bb7 Bd4+ 45. Kh2 Bxb7 46. Qxb7 Be5+ 47. Kg1 Rb8 48. Qe7 Bg7 49. Qc7 Ra8 50. Qc6 Rd8 51. Qc7 Bf6 52. Kf1 b4 53. Qc6 Bg7 54. Qc7 Rf8 55. Qc4 Rb8 56. Qc7 Ra8 57. Qb7 Ra1+ 58. Ke2 Ra2+ 59. Kf3 Bf6 60. Qf7 Rf2+ 61. Kxf2 1-0

[Event "Ibiza Summer op 3rd"]
[Site "Ibiza"]
[Date "2014.06.27"]
[Round "1"]
[White "Parrell Ferrer, Rafael"]
[Black "Carrascoso Morales, Abel"]
[Result "0-1"]
[WhiteElo "2007"]
[BlackElo "2348"]
[PlyCount "60"]
[EventDate "2014.06.27"]
[EventType "swiss"]
[EventRounds "7"]
[EventCountry "ESP"]
[SourceTitle "CBM 161 Extra"]
[Source "ChessBase"]
[SourceDate "2014.08.29"]
[SourceVersion "1"]
[SourceVersionDate "2014.08.29"]
[SourceQuality "1"]

1. d4 Nf6 2. c4 g6 3. Nc3 Bg7 4. e4 d6 5. Be2 0-0 6. Be3 Nbd7 7. Qd2 c5 8. Rd1 Qa5 9. h3 cxd4 10. Bxd4 Nc5 11. f3 e5 12. Be3 Be6 13. Qxd6 Rac8 14. Qd2 Rfd8 15. Qc2 Rxd1+ 16. Qxd1 Rd8 17. Qc2 Nh5 18. Kf2 f5 19. Nd5 Bxd5 20. cxd5 Rc8 21. exf5 Nf4 22. Bxf4 exf4 23. fxg6 Bd4+ 24. Kf1 Qxa2 25. gxh7+ Kh8 26. Bd3 Qa1+ 27. Qb1 Qa4 28. Ne2 Nxd3 29. Qxd3 Qa1+ 30. Nc1 Qxc1+ 0-1

[Event "Benidorm op U2300 12th"]
[Site "Benidorm"]
[Date "2013.12.04"]
[Round "7"]
[White "Carrascoso Morales, Abel"]
[Black "Bendayan Claros, Aaron Arturo"]
[Result "1-0"]
[WhiteElo "2300"]
[BlackElo "2193"]
[PlyCount "75"]
[EventDate "2013.11.29"]
[EventType "swiss"]
[EventRounds "10"]
[EventCountry "ESP"]
[SourceTitle "CBM 157 Extra"]
[Source "ChessBase"]
[SourceDate "2013.12.19"]
[SourceVersion "1"]
[SourceVersionDate "2013.12.19"]
[SourceQuality "1"]

1. d4 d5 2. c4 c6 3. Nf3 Nf6 4. e3 a6 5. Nbd2 Bf5 6. Be2 e6 7. Nh4 Bg6 8. Nxg6 hxg6 9. Qb3 b5 10. c5 Nbd7 11. a4 Be7 12. axb5 axb5 13. Rxa8 Qxa8 14. 0-0 e5 15. dxe5 Nxe5 16. Qc3 Qb8 17. f4 Ned7 18. b4 0-0 19. Bb2 Re8 20. g4 Bf8 21. g5 Ne4 22. Nxe4 Rxe4 23. Bf3 Rc4 24. Qd2 Qe8 25. Bd4 Qe6 26. Be2 f6 27. Bxc4 bxc4 28. Qg2 Qf5 29. h4 Be7 30. Ra1 Nf8 31. Ra7 Kf7 32. Kh2 Ne6 33. Qf2 Kf8 34. gxf6 gxf6 35. b5 cxb5 36. c6 Nxd4 37. Ra8+ Kf7 38. c7 1-0

[Event "Benidorm op U2300 12th"]
[Site "Benidorm"]
[Date "2013.12.03"]
[Round "6"]
[White "Garcia Ramos, Marcos"]
[Black "Carrascoso Morales, Abel"]
[Result "0-1"]
[WhiteElo "2131"]
[BlackElo "2300"]
[PlyCount "66"]
[EventDate "2013.11.29"]
[EventType "swiss"]
[EventRounds "10"]
[EventCountry "ESP"]
[SourceTitle "CBM 157 Extra"]
[Source "ChessBase"]
[SourceDate "2013.12.19"]
[SourceVersion "1"]
[SourceVersionDate "2013.12.19"]
[SourceQuality "1"]

1. e4 c5 2. Nf3 d6 3. d4 cxd4 4. Nxd4 Nf6 5. Nc3 g6 6. Be3 Bg7 7. f3 Nc6 8. Qd2 0-0 9. 0-0-0 d5 10. Kb1 Rb8 11. Ndb5 a6 12. Na7 e6 13. f4 Qa5 14. e5 Ng4 15. Bg1 f6 16. h3 Nh6 17. exf6 Bxf6 18. Ne2 Qxd2 19. Rxd2 Bd7 20. Nxc6 bxc6 21. c3 e5 22. Bc5 Bf5+ 23. Kc1 Rfd8 24. g4 Be4 25. Rg1 Nf7 26. g5 Bg7 27. Bg2 Bf5 28. h4 exf4 29. Nxf4 Bd7 30. Rf1 Be5 31. Ne2 Bf5 32. Nd4 Be4 33. Re1 Bf4 0-1